Statystyki dla Jakie sprzęty RTV/AGD Możemy znaleźć w domu

Kliknij tutaj aby rozwiązać quiz!

Ogólne statystyki

  • Ten quiz został rozwiązany 456 razy
    (339 od ostatniego zresetowania)
  • Średni wynik to 10 z 22

Statystyki odpowiedzi

Odpowiedzi% Poprawnych
Telewizor
94%
Lodówka
85%
Pralka
83%
Komputer
77%
Telefon
75%
Kuchenka
67%
Piekarnik
67%
Zmywarka
64%
Radio
45%
Mikser
43%
Odkurzacz
43%
Czajnik
40%
Blender
31%
Ekspres Do Kawy
27%
Kuchenka Mikrofalowa
22%
Robot Kuchenny
18%
Drukarka
17%
Sokowirówka
16%
Kino Domowe
14%
Dekoder
13%
Konsola do gier
8%
Smartwatch
5%

Rozkład punktacji

Percentyl według liczby udzielonych odpowiedzi

Procent ludzi z każdym wynikiem

Twoja historia wyników

Nie rozwiązałeś tego quizu od ostatniego zresetowania